| 000 | 00638nam a22001937a 4500 | ||
|---|---|---|---|
| 999 |
_c169619 _d169619 |
||
| 005 | 20191127104519.0 | ||
| 010 | _aUR-10627 | ||
| 020 |
_c150.00 _a9789389358841 |
||
| 035 | _aU-9182 | ||
| 037 |
_bDBAD/PUB _a- |
||
| 082 | _a841 | ||
| 100 | _aا سر ا ر نسيمی | ||
| 245 |
_aخيا لو ں کا سفر _cا سر ا ر نسيمی |
||
| 246 |
_bKhayalon Ka Safar (Urdu) _abyAsrar Naseemi |
||
| 260 |
_aDelhi _bEducational Publishing House _c2019 ء |
||
| 270 |
_a3191,Vakil Street, Kucha Pandit,Lal Kuan, _bDelhi _e110006 _k01123216162 _l- |
||
| 300 |
_a136 ص _c22 Cm(Hb) |
||
| 942 |
_2ddc _cUR _h841 _mا س ر |
||